|
|
|
|
| LEADER |
01709nam a2200397Ia 4500 |
| 001 |
EBC3331699 |
| 003 |
MiAaPQ |
| 005 |
20200520144314.0 |
| 006 |
m o d | |
| 007 |
cr cn||||||||| |
| 008 |
990504s1999 onca sb 100 0 eng d |
| 020 |
|
|
|z 9780889118065
|
| 020 |
|
|
|z 088911806X
|
| 020 |
|
|
|z 0889118086
|
| 035 |
|
|
|a (MiAaPQ)EBC3331699
|
| 035 |
|
|
|a (Au-PeEL)EBL3331699
|
| 035 |
|
|
|a (CaPaEBR)ebr10178348
|
| 035 |
|
|
|a (OCoLC)923230528
|
| 040 |
|
|
|a MiAaPQ
|c MiAaPQ
|d MiAaPQ
|
| 050 |
|
4 |
|a HD6099
|b .W625 1999
|
| 082 |
0 |
4 |
|a 331.4/0971
|2 21
|
| 245 |
0 |
0 |
|a Women and work
|h [electronic resource] /
|c [editors, Richard P. Chaykowski and Lisa M. Powell].
|
| 260 |
|
|
|a Montreal :
|b Published for the School of Policy Studies, Queen's University by McGill-Queen's University Press,
|c c1999.
|
| 300 |
|
|
|a viii, 304 p. :
|b ill.
|
| 500 |
|
|
|a Proceedings of a conference held at John Deutsch Institute for the Study of Economic Policy, Queen's University, April 5-7, 1998.
|
| 504 |
|
|
|a Includes bibliographical references.
|
| 533 |
|
|
|a Electronic reproduction. Ann Arbor, MI : ProQuest, 2015. Available via World Wide Web. Access may be limited to ProQuest affiliated libraries.
|
| 650 |
|
0 |
|a Women
|x Employment
|z Canada
|v Congresses.
|
| 650 |
|
0 |
|a Women employees.
|
| 655 |
|
4 |
|a Electronic books.
|
| 700 |
1 |
|
|a Chaykowski, Richard P.
|q (Richard Paul),
|d 1958-
|
| 700 |
1 |
|
|a Powell, Lisa M.
|q (Lisa Marie),
|d 1966-
|
| 710 |
2 |
|
|a John Deutsch Institute for the Study of Economic Policy.
|
| 710 |
2 |
|
|a Queen's University (Kingston, Ont.).
|b School of Policy Studies.
|
| 710 |
2 |
|
|a ProQuest (Firm)
|
| 856 |
4 |
0 |
|u https://ebookcentral.proquest.com/lib/matrademy/detail.action?docID=3331699
|z Click to View
|